El desastre
Guardat en:
| Autor principal: | |
|---|---|
| Format: | Llibre |
| Idioma: | Undetermined |
| Publicat: |
Madrid, España
Lorenzana
1967
|
| Matèries: | |
| Etiquetes: |
Afegir etiqueta
Sense etiquetes, Sigues el primer a etiquetar aquest registre!
|
MARC
| LEADER | 00000nam a2200000Ia 4500 | ||
|---|---|---|---|
| 008 | 170316s9999 xx 000 0 und d | ||
| 040 | |a cru BVZT | ||
| 090 | |a 840 Z-1d | ||
| 100 | |a Zola, Emilio | ||
| 245 | |a El desastre | ||
| 260 | |a Madrid, España | ||
| 260 | |b Lorenzana | ||
| 260 | |c 1967 | ||
| 300 | |a 657 páginas | ||
| 650 | |a LITERATURA FRANCESA | ||
| 999 | |c 8079 |d 8079 | ||
| 942 | |c 15 D |h 840 Z-1d |2 z | ||
